000 01035nam0a2200301 4500
001 RU\NLR\bibl\1882009
005 20260406122957.0
010 _a978-5-17-027949-4
_bАСТ
010 _a978-5-271-29529-4
_bАстрель
010 _a978-5-226-02861-8
_93500
_bВКТ
021 _aRU
_b2012-12360
_9933
035 _a(NLR Aleph) 001871771
090 _a2671160
_c2671160
100 _a20120320d2012 |||y0rusy50 ca
101 1 _arus
_ceng
102 _aRU
105 _ay |||||||||
200 1 _aВспомни меня, любовь
_eроман
_fБертрис Смолл
_g[пер. с англ. Е.М. Валкиной]
210 _aМосква
_cАСТ
_cАстрель
_aВладимир
_cВКТ
_d2012
215 _a412, [1] с.
_d17
225 1 _aОчарование
225 1 _aМини ШАРМ
700 1 _4070
_7ca
_8rus
_aСмолл
_bБ.
_f1937-2015
_gБертрис
_3RU\NLR\AUTH\77816
_9110856
801 0 _aRU
_bNLR
_c20120320
_gRCR
801 1 _aRU
_bNLR
_c20120320
942 _cBOOK
980 _aNB